000 00615nam a2200253Ia 4500
003 OSt
005 20220912152312.0
006 a|||||r|||| 00| 0
007 ta
008 220909b |||||||| |||| 00| 0 eng d
024 _a52550
037 _cTextual
040 _aCSL
_beng
_cCSL
041 _aeng
082 _aJ251p, J9
100 _aSprague H B
111 _aSymposium on grassland (1956 : New York)
245 0 _aProceedings on grasslands
260 _c1956
300 _ap.
_ccm.
650 _aAgriculture
942 _hJ251p, J9
_cTEXL
_2CC
999 _c84136
_d84136